000
00224nam a2200097Ia 4500
008
190216s9999||||xx |||||||||||||| ||und||
100
_a
Krishna Kumar Kk
245
0
_a
Gramapathakal
260
_b
Kerala Basha Inst
942
_c
BK
999
_c
37690
_d
37690